banner-ar

اشكاليات القراءة واليات التاويل / (Record no. 47429)

MARC details
000 -الفاتح
حقل البيانات ثابتة الطول 00615nam a2200193Ia 4500
005 - وقت وتاريخ اخر تعامل مع التسجيلة
رقم الضبط 20240530104419.0
008 - عناصر البيانات ثابتة الطول - معلومات عامة
حقل البيانات ثابتة الطول 140319s9999 xx 000 0 ara d
040 ## - مصدر الفهرسة
وكالة الفهرسة الأصلية GCL /
وكالة النسخ GCL
082 04 - رقم تصنيف ديوى العشرى
رقم التصنيف 810.9
رقم المادة ن ا
100 0# - المدخل الرئيسى - إسم شخصى
الإسم الشخصى نصر حامد ابوزيد
245 10 - بيان العنوان
العنوان اشكاليات القراءة واليات التاويل /
بيان المسئوليه,etc نصر حامد ابوزيد
300 ## - الوصف المادى
التعداد 269 ص
490 0# - بيان السلسلة
عنوان السلسلة كتابات نقدية ؛
رقم المجلد/ التعيين التسلسلي 10
650 04 - المدخل الاضافى بالموضوع-مصطلح موضوعى
مصطلح موضوعي التراث العربى
650 04 - المدخل الاضافى بالموضوع-مصطلح موضوعى
مصطلح موضوعي الثقافة الجماهيرية
650 04 - المدخل الاضافى بالموضوع-مصطلح موضوعى
مصطلح موضوعي الادب العربى - تاريخ ونقد
942 ## - عناصر المدخل الإضافي( كوها)
مصدر التصنيف او مخطط الترفيف Dewey Decimal Classification
Koha [default] item type كتاب
Holdings
حالة التراجع حالة الفقد حالة تلف ليس للاعارة المكان المؤقت الموقع الحالى تاريخ الاكتساب اجمالي اﻻعارات رقم الطلب الباركود تاريخ اخر مشاهدة تاريخ تفعيل السعر نوع وعاء كوها
        مكتبة القاهرة الكبرى مكتبة القاهرة الكبرى 03/26/2014   810.9\ن ا 114617 03/26/2014 03/26/2014 كتاب

Powered By

EGPV